000 00553nam a22002177a 4500
942 _cBK
999 _c618
_d618
005 20250420134818.0
008 200813b ||||| |||| 00| 0 eng d
020 _a9780077174088
040 _cKCST
082 _a338.5
_bFr Mi
100 _aFrank, Robert H.
_91254
245 _aMicroeconomics and behaviour /
250 _a2nd edition
260 _aLondon:
_bMcGraw-Hill;
_c2016.
300 _a602 p.
650 _aMicroeconomics.
_91253
650 _aConsumer behavior.
_9931
700 _aCartwright, Edward
_95095
942 _2ddc